Normal view
MARC view
- Javaid Chaudhry
Entry Personal Name
001 - CONTROL NUMBER
- control field: 9639
003 - CONTROL NUMBER IDENTIFIER
- control field: NUST
005 - DATE AND TIME OF LATEST TRANSACTION
- control field: 20180124094653.0
008 - FIXED-LENGTH DATA ELEMENTS
- fixed length control field: 180124|| aca||aabn | a|a d
040 ## - CATALOGING SOURCE
- Original cataloging agency: NUST
- Transcribing agency: NUST
100 ## - HEADING--PERSONAL NAME
- Personal name: Javaid Chaudhry
670 ## - SOURCE DATA FOUND
- Source citation: Work cat.: (NUST)321903: Javaid Chaudhry, Kal Tak, 2009
